000 00228nam a2200085Ia 4500
245 0 _aFrogs and other amphibians
100 _a MORGAN, Sally London, 2003
_985528
942 _cBK
008 210817s9999 xx 000 0 und d
999 _c358249
_d358247